Varia lección de clásicos españoles
Gespeichert in:
| 1. Verfasser: | |
|---|---|
| Format: | Buch |
| Sprache: | Spanish |
| Veröffentlicht: |
Madrid, España
Editorial Gredos
1964
|
| Schlagworte: | |
| Tags: |
Tag hinzufügen
Keine Tags, Fügen Sie den ersten Tag hinzu!
|
MARC
| LEADER | 00000nam a2200000Ia 4500 | ||
|---|---|---|---|
| 008 | 170316s9999 xx 000 0 spa d | ||
| 040 | |a cru BVZT | ||
| 090 | |a C-862 B-3v | ||
| 100 | |a Bataillon, Marcel |9 939 | ||
| 245 | |a Varia lección de clásicos españoles |c / Marcel Bataillon | ||
| 260 | |a Madrid, España |b Editorial Gredos |c 1964 | ||
| 300 | |a 443 páginas | ||
| 650 | |a LITERATURA ESPAÑOLA |9 23 | ||
| 650 | |a CRÍTICA |9 583 | ||
| 999 | |c 2859 |d 2859 | ||
| 942 | |c LIB |h C-862 B-3v |2 z | ||
